[Event "POL-chT U19 2nd League"]
[Site "Chelm Lubelski"]
[Date "2010.07.11"]
[Round "7"]
[White "Przybylska, Agata"]
[Black "Wieczorek, Aleksandra"]
[Result "1-0"]
[WhiteElo "1521"]
[BlackElo "1695"]
[PlyCount "81"]
[EventDate "2010.07.06"]
[EventType "team-tourn"]
[EventRounds "11"]
[EventCountry "POL"]
[SourceTitle "EXT 2011"]
[Source "ChessBase"]
[SourceDate "2010.11.26"]
[SourceVersion "1"]
[SourceVersionDate "2010.11.26"]
[SourceQuality "1"]
[WhiteTeam "Grzybowo GKSz Solny U19"]
[BlackTeam "Raciborz KSz Silesia U19"]
[WhiteTeamCountry "POL"]
[BlackTeamCountry "POL"]

1. d4 g6 2. e4 Bg7 3. Nc3 c6 4. Be3 d5 5. e5 Qb6 6. Qc1 Qc7 7. Be2 b6 8. f4 f6 9. Nf3 Nh6 10. h3 Nf5 11. Bf2 fxe5 12. dxe5 0-0 13. g4 Nh6 14. Qd2 e6 15. 0-0-0 a6 16. Rdg1 Nf7 17. h4 c5 18. h5 g5 19. fxg5 Nxe5 20. Bg3 Nxf3 21. Bxf3 Qd7 22. Rf1 Bb7 23. g6 d4 24. gxh7+ Kh8 25. Bxb7 Qxb7 26. Ne2 Rf3 27. h6 Bf8 28. g5 Nd7 29. g6 Be7 30. Qe1 Qe4 31. Rxf3 Qxf3 32. Nf4 Bg5 33. Rf1 Qg4 34. Kb1 Nf6 35. Nxe6 Re8 36. g7+ Kxh7 37. Nxg5+ Qxg5 38. Qf2 Ne4 39. g8Q+ Rxg8 40. Qf7+ Kh8 41. Bf4 1-0